000
00322 a2200145 4500
001
167201
020
_a
040
_c
Magnum
100
_a
Coutinho, Monica de Camargo
240
1
0
_a
Coracao de adolescente
_l
por
245
1
0
_a
Coracao de adolescente
362
0
_a
1899
697
_a
J/ADOLESCENTE, NAMORO
942
_c
BK
999
_c
167201
_d
167201